LEADER 01243nam a22003615i 4500 001 991002248899707536 007 cr nn 008mamaa 008 121227s1994 de | s |||| 0|eng d 020 $a9783540486527 035 $ab14144396-39ule_inst 040 $aBibl. Dip.le Aggr. Matematica e Fisica - Sez. Matematica$beng 082 04$a515$223 084 $aAMS 43-02 084 $aAMS 42-02 084 $aAMS 42B10 084 $aAMS 42B20 084 $aAMS 43A15 084 $aAMS 47F05 100 1 $aNillsen, Rodney$060688 245 10$aDifference spaces and invariant linear forms$h[e-book] /$cby Rodney Nillsen 260 $aBerlin :$bSpringer,$c1994 300 $a1 online resource (xii, 192 p.) 440 0$aLecture Notes in Mathematics,$x0075-8434 ;$v1586 650 0$aMathematics 650 0$aTopological Groups 650 0$aGlobal analysis (Mathematics) 773 0 $aSpringer eBooks 856 40$uhttp://dx.doi.org/10.1007/BFb0073511$zAn electronic book accessible through the World Wide Web 907 $a.b14144396$b03-03-22$c05-09-13 912 $a991002248899707536 996 $aDifference spaces and invariant linear forms$978704 997 $aUNISALENTO 998 $ale013$b05-09-13$cm$d@ $e-$feng$gde $h0$i0 LEADER 01208nam a22002771i 4500 001 991000816299707536 005 20040217120050.0 008 040220s1982 it |||||||||||||||||ita 035 $ab12674692-39ule_inst 035 $aARCHE-067303$9ExL 040 $aDip.to Scienze pedagogiche$bita$cA.t.i. Arché s.c.r.l. Pandora Sicilia s.r.l. 082 04$a001.5 100 1 $aMazzoleni, Gianpietro$0120231 245 12$aI pastoni politici :$btelegiornali giornali radio quotidiani: viaggio all'interno dei testi con l'aiuto del calcolatore /$cdi Gianpietro Mazzoleni 260 $aTorino :$bERI,$cc1982 300 $a40, [86] p. ;$c30 cm 440 0$aVPT : Verifica programmi trasmessi ;$v49 500 $aIn testa al front.: RAI radiotelevisione italiana, Segreteria del consiglio di amministrazione 650 4$aTelegiornali$xTesti$xTecniche di elaborazione 650 4$aGiornali radio$xTesti 907 $a.b12674692$b02-04-14$c17-03-04 912 $a991000816299707536 945 $aLE022 MPs-S 121 F 11$g1$i2022000180764$lle022$o-$pE0.00$q-$rl$s- $t0$u0$v0$w0$x0$y.i13184131$z17-03-04 996 $aPastoni politici$9273278 997 $aUNISALENTO 998 $ale022$b17-03-04$cm$da $e-$fita$git $h2$i1 LEADER 04890nam 22006015 450 001 9910298394903321 005 20251116204028.0 010 $a3-030-04837-3 024 7 $a10.1007/978-3-030-04837-2 035 $a(CKB)4100000007158839 035 $a(MiAaPQ)EBC5603031 035 $a(DE-He213)978-3-030-04837-2 035 $a(PPN)232474982 035 $a(EXLCZ)994100000007158839 100 $a20181123d2018 u| 0 101 0 $aeng 135 $aurcnu|||||||| 181 $ctxt$2rdacontent 182 $cc$2rdamedia 183 $acr$2rdacarrier 200 10$aClinical Medicine Research /$fedited by Mieczyslaw Pokorski 205 $a1st ed. 2018. 210 1$aCham :$cSpringer International Publishing :$cImprint: Springer,$d2018. 215 $a1 online resource (vi, 138 pages) $cillustrations 225 1 $aClinical and Experimental Biomedicine,$x2523-3769 ;$v1116 311 08$a3-030-04836-5 327 $aBioprogressive Paradigm in Physiotherapeutic and Antiaging Strategies: a Review -- Influence of Proprioceptive Neuromuscular Facilitation on Lung Function in Patients after Coronary Artery Bypass Graft Surgery -- Remote Ischemic Preconditioning in Renal Protection During Elective Percutaneous Coronary Intervention -- Prognostic Impact of Extracapsular Lymph Node Invasion on Survival in Non-Small-cell Lung Cancer: a Systematic Review and Meta-Analysis -- Influence of Transurethral Resection of Bladder Cancer on Sexual Function, Anxiety, and Depression -- Cognitive Predictors of Cortical Thickness in Healthy Aging -- Osteoprotegerin, a Receptor Activator of Nuclear Factor kappa B Ligand, and Growth Hormone/Insulin-like Growth Factor-1 Axis in Children with Growth Hormone Deficiency -- Inhibition of Cross-Reactive Carbohydrate Determinants in Allergy Diagnostics -- Effects of Reduced Glutathione on Hydrolytic Enzyme Activity in the Mouse Hepatocytes -- Adaptation to Occupational Exposure to Moderate Endotoxin Concentrations: a Study in Sewage Treatment Plants in Germany -- Effects of Low Level-Laser Therapy in Autism Spectrum Disorder -- Epidemiology of Granulomatosis with Polyangiitis in Poland, 2011?2015. . 330 $aThis book presents an update on new trends and developments in broadly defined medical disciplines. The reader will learn about a whole range of multidisciplinary topics, regarded as being important for advancing the understanding of disease pathogenicity, diagnostic methods, and patient management. These topics include a holistic approach to physiotherapy, with proprioceptive neuromuscular facilitation at the core of it. Furthermore potential ways to protect kidneys during ischemic coronary interventions, and psychosocial aspects in cancer survivors are discussed. Other topics deal with growth hormone deficiency in short children and responses of molecular markers of bone metabolism to growth hormone replacement therapy. In addition the modern use of transcranial laser-induced photobiomodulation showing surprising benefits in autism disorder is presented. The expert contributions take on the challenges presented to medical professionals by ever growing medical knowledge and various individual and contextual issues that require a multidisciplinary approach in patient management. The authors present bench-to-bed clinical research to make useful additions to the knowledge on contemporary diagnostic procedures, therapy, and quality of life of patients. The book aims to provide stimulus for new research ideas and to give new perspectives on practical clinical issues. The book is intended for primary care clinicians, family physicians, medical scholars, and other clinicians who treat and manage patients. 410 0$aClinical and Experimental Biomedicine,$x2523-3769 ;$v1116 606 $aNeurochemistry 606 $aCancer$xResearch 606 $aPhysiotherapy 606 $aCytokines 606 $aGrowth factors 606 $aNeurochemistry$3https://scigraph.springernature.com/ontologies/product-market-codes/B18010 606 $aCancer Research$3https://scigraph.springernature.com/ontologies/product-market-codes/B11001 606 $aPhysiotherapy$3https://scigraph.springernature.com/ontologies/product-market-codes/H78000 606 $aCytokines and Growth Factors$3https://scigraph.springernature.com/ontologies/product-market-codes/L14120 615 0$aNeurochemistry. 615 0$aCancer$xResearch. 615 0$aPhysiotherapy. 615 0$aCytokines. 615 0$aGrowth factors. 615 14$aNeurochemistry. 615 24$aCancer Research. 615 24$aPhysiotherapy. 615 24$aCytokines and Growth Factors. 676 $a616.0072 702 $aPokorski$b Mieczyslaw$4edt$4http://id.loc.gov/vocabulary/relators/edt 906 $aBOOK 912 $a9910298394903321 996 $aClinical medicine research$92053318 997 $aUNINA